OSN na ochranu spotrebiteľov.

Internacionalizácia obchodu viedla k tomu, že do boja za ochranu spotrebiteľov sa zapojila aj OSN. Základným dokumentom je rezolúcia č. 39/248 schválená OSN 9. apríla 1985, ktorou sa prijala Smernica na ochranu spotrebiteľov. Charakteristika problematiky ktorú obsahuje smernica.

Gespeichert in:
Bibliographische Detailangaben
1. Verfasser: Kolbaba, I.
Format: Buchkapitel
Sprache:Slowakisch
Schlagworte:
Tags: Tag hinzufügen
Keine Tags, Fügen Sie das erste Tag hinzu!

MARC

LEADER 00000naa a2200000 4500
001 r008183
005 20220831085606.9
041 0 |a slo 
044 |a [CS] 
245 1 0 |a OSN na ochranu spotrebiteľov.  |c I. Kolbaba 
520 |a Internacionalizácia obchodu viedla k tomu, že do boja za ochranu spotrebiteľov sa zapojila aj OSN. Základným dokumentom je rezolúcia č. 39/248 schválená OSN 9. apríla 1985, ktorou sa prijala Smernica na ochranu spotrebiteľov. Charakteristika problematiky ktorú obsahuje smernica. 
610 2 0 |a ochrana spotrebiteľa 
610 2 0 |a OSN 
610 2 0 |a obchod 
610 2 0 |a smernice 
100 1 |a Kolbaba, I.